000 00705nam a2200205 a 4500
001 000839407
003 AM-YeHGA
005 20250617144827.0
008 111018s1976 r 000 0 rus d
040 _aAM-YeHGA
041 0 _arus
100 1 _aБерезин, С.Я.
245 1 0 _aКорреляционные измерительные устройства в автоматике /
_cС.Я. Березин, О.Г. Каратаев.
260 _aЛенинград :
_bЭнергия,
_c1976.
300 _a104 с. :
_bил.
440 0 _aБиблиотека по автоматике
_vВып. 568
650 1 4 _aАвтоматика
700 1 _aКаратаев, О.Г.
090 _c303001
999 _c301302
_d301302